Obálka Náhled e-knihy:
PDF Epub
Pro půjčování e-knih musíte být přihlášeni.
Jak si půjčit online?

Tanečnice : román /

Jak tančit, když vám vina šlape na špičky? Román české autorky o čtyřech kamarádkách tanečnicích, které rozdělilo traumatické tajemství.

Uloženo v:
Hlavní autor: Herzogová, Tereza, 1990- (Autor)
Médium: E-kniha
Jazyk:Czech
Vydáno: V Praze : Motto, 2026
Vydání:1. vydání
Témata:
Tagy:
Žádné tagy
LEADER 02186nam a2200385 i 4500
001 312960
003 CZ PrSKC
005 20260601215731.0
007 ta
008 260515s2026 xr g 000 f cze
015 |a cnb003756982 
020 |a 9788026760801  |q (vázáno) :  |c Kč 399,00 
040 |a ABG001  |b cze  |e rda 
072 7 |a 821.162.3-3  |x Česká próza  |2 Konspekt 
080 |a 821.162.3-31  |2 MRF 
080 |a (0:82-31)-055.2  |2 MRF 
100 1 |a Herzogová, Tereza,  |d 1990-  |7 xx0166564  |4 aut 
245 1 0 |a Tanečnice :  |b román /  |c Tereza Herzogová 
250 |a 1. vydání 
264 1 |a V Praze :  |b Motto,  |c 2026 
300 |a 325 stran ;  |c 21 cm 
336 |a text  |b txt  |2 rdacontent 
337 |a bez média  |b n  |2 rdamedia 
338 |a svazek  |b nc  |2 rdacarrier 
520 2 |a Jak tančit, když vám vina šlape na špičky? Román české autorky o čtyřech kamarádkách tanečnicích, které rozdělilo traumatické tajemství.  |b Klaudie bojuje. Táňa se hněvá. Laura sní. Vendy uniká. Každá má svůj hřích, svůj bolestný tón. Před deseti lety je rozdělilo traumatické tajemství. Když se rozhodnou obnovit slávu své taneční skupiny, vyberou si velkolepou barokní choreografii. Zjišťují ale, že comeback nebude snadný. Až Oliver, excentrický taneční mistr, se pokusí najít společnou melodii pro čtyři rozladěné tanečnice. Příběh pro každého, kdo někdy ztratil rytmus a hledá cestu zpátky. Nakladatelská anotace. 
655 7 |a české romány  |7 fd133974  |2 czenas 
655 7 |a romány pro ženy  |7 fd187897  |2 czenas 
655 9 |a Czech fiction  |2 eczenas 
655 9 |a women's novels  |2 eczenas 
710 2 |a Motto (nakladatelství)  |7 xx0183724  |4 pbl 
900 |a ABG001  |b 18 
044 |a xr 
910 |a RBIT002 
998 |d 426592  |a https://core.palmknihy.cz/api/books/426592/cover?tec0sm  |b https://core.palmknihy.cz/api/books/426592/cover/400?tec0sm  |c https://core.palmknihy.cz/api/books/426592/cover/50?tec0sm  |e 2035-12-31  |g 328  |i 9788026760801  |j https://core.palmknihy.cz/api/books/426592/preview.epub  |k https://core.palmknihy.cz/api/books/426592/preview.pdf  |l   |q 49  |r 1  |s https://www.palmknihy.cz/kniha/426592  |t ebook  |y 2026  |z 0 
999 |d 312958